000 00540nam a2200169Ia 4500
003 IN-BaIIA
008 211028s9999 xx s 000 0 eng d
020 _a9780819449474 (Print)
020 _a9780819480408 (Online)
040 _cIIA Library
100 _aWeiglhofer, Werner S.
_940989
245 0 _aIntroduction to Complex Mediums for Optics and Electromagnetics
_h[eBook]
260 _aWashington, USA
_bSPIE
_c2003
300 _aOnline resource
856 _uhttps://doi.org/10.1117/3.504610
_yClick Here to Access eBook
942 _cEB
999 _c22303
_d22303